000 00467nab a22001457 4500
003 ES-SlBCS
005 20210327224300.0
008 200625s2020 fr ||||| |||| 00| 0 fre d
040 _aES-SlBCS
_bspa
041 _afre
100 1 _aMoberly, R. W. L.
_947527
245 1 0 _a Justice and the Recognition of the True God A Reading of Psalm 82
_cR.W.L. Moberly
773 0 _gVol. 127, fasc. 2, 2020, págs. 215 - 236
_tRevue Biblique
_wRev352
_x0035-0907
942 _2lcc
_cAR
999 _c485731
_d485731